Indústria cultural e educação em tempos pós-modernos (Record no. 63907)

MARC details
000 -LÍDER
campo de controle de tamanho fixo 00519 a2200157 4500
001 - NÚMERO DE CONTROLE
campo de controle 63907
020 ## - ISBN - INTERNATIONAL STANDARD BOOK NUMBER
ISBN - International Standard Book Number 8530807138 (broch.)
040 ## - FONTE DA CATALOGAÇÃO
Instituição que transcreveu o registro Anchieta - Pituba
100 ## - ENTRADA PRINCIPAL--NOME PESSOAL
Nome pessoal Della Fonte, Sandra Soares
240 10 - TÍTULO UNIFORME
Título uniforme Indústria cultural e educação em tempos pós-modernos
Idioma da obra por
245 10 - TÍTULO
Título Indústria cultural e educação em tempos pós-modernos
300 ## - DESCRIÇÃO FÍSICA
Extensão 111p.
362 0# - DATAS DE PUBLICAÇÃO E/OU DESIGNAÇÃO SEQUENCIAL
Datas de publicação e/ou designação sequencial 2003
650 #4 - ASSUNTO--TERMO TÓPICO
Cabeçalho tópico ou nome geográfico Equipamento e material de ensino / Experiências / Avaliação através de materiais de uso do aluno
942 ## - ELEMENTOS DE ENTRADA ADICIONADOS (KOHA)
Tipo de material Koha Livros
Holdings
Situação do descarte Situação das perdas Situação física Não pode ser emprestado Biblioteca de origem Biblioteca atual Data de aquisição Total de empréstimos Número de chamada completo Código de barras Data de último acesso Data do preço efetivo Tipo de material Koha
        Colégio Anchieta - Pituba Colégio Anchieta - Pituba 21/11/2023   371.33 L892i LOU IND 17508/PIT 21/11/2023 21/11/2023 Livros
        Colégio Anchieta - Pituba Colégio Anchieta - Pituba 21/11/2023   370.11 L892i LOU IND 17708/PIT 21/11/2023 21/11/2023 Livros
        Colégio Anchieta - Pituba Colégio Anchieta - Pituba 21/11/2023   370.11 L892i LOU IND 23495/PIT 21/11/2023 21/11/2023 Livros